000 00537nam a2200181Ia 4500
008 090201s9999 xx 000 0 und d
010 _aKPL-68051
040 _bमराठी
041 _aमराठी
082 _a46069
_b68051
100 _a सतेज पोटे
245 _aजिवलग भेटी
_c सतेज पोटे
250 _a1
260 _c2005
_bमॅजेस्टिक प्रकाशन
300 _a108
_bमोठा
600 _aजिवलग भेटी
942 _cBOOK
999 _c242955
_d242955